[Event "1st Fischer Memorial 2017"]
[Site "Heraklion"]
[Date "2017.04.23"]
[Round "8"]
[White "Theodorou, Nikolas"]
[Black "Postny, Evgeny"]
[Result "1/2-1/2"]
[WhiteElo "2487"]
[BlackElo "2606"]
[Annotator "TA"]
[PlyCount "73"]
[EventDate "2017.??.??"]
[EventType "tourn"]
[EventCountry "GRE"]
[SourceTitle "playchess.com"]
[Source "ChessBase"]
[SourceQuality "1"]

{[%evp 12,73,39,8,36,44,42,48,53,44,69,75,98,69,193,129,108,50,46,78,62,21,19,31,70,0,0,0,0,0,0,0,18,20,22,16,23,22,20,8,8,10,10,4,8,0,29,26,62,71,57,56,68,0,0,0,0,0,0,0,0,0,0,0]} 1. e4 e5 2. Nf3 Nc6 3. Nc3 Bc5 4. Nxe5 Nxe5 5. d4 Bd6 6. dxe5 Bxe5 7. Bd3 {LiveBook: 36 Games} Bxc3+ {C46: 3 Nc3: Unusual Black 3rd moves} (7... d6 8. Bd2 Ne7 9. f4 Bd4 10. Qf3 Nc6 11. O-O-O Nb4 12. Bc4 O-O 13. Kb1 a5 14. Bc1 Bxc3 15. Qxc3 {½-½ (43) Fressinet,L (2702)-Bacrot,E (2705) Villandry 2012}) 8. bxc3 d6 9. O-O Ne7 {White is slightly better.} 10. e5 $146 (10. f4 Nc6 11. Qh5 Qe7 12. c4 g6 13. Qh6 Qf8 14. Qh4 Qe7 15. Qf2 {1-0 (37) Becker,M (2289)-Eskandary,J (2172) Germany 2003}) 10... dxe5 11. Ba3 Be6 12. Qh5 {aiming for Rfd1.} Nc6 (12... Qd7 $14) 13. Be4 (13. Rab1 $18) 13... Qf6 14. Rab1 (14. Rfe1 $16) 14... O-O-O $14 15. Bxc6 bxc6 16. Qe2 {[#] And now Qa6+ would win.} Rd5 $1 17. Qa6+ Kd7 18. c4 (18. Qxa7 Qg6 19. Kh1 Qxc2 $11) (18. Rbe1 $14) 18... Rd4 $11 19. Rbd1 Qg6 $1 20. Rxd4+ $1 (20. Qxa7 $2 Bh3 21. Rxd4+ exd4 22. Qxd4+ Kc8 $19) 20... exd4 21. Rd1 $1 {[%cal Rd1d4]} (21. Qxa7 $2 Bh3 22. Qxd4+ Kc8 $19) 21... Bh3 {[%csl Gh3][%cal Rg6g2] [#]} (21... Qg4 $2 22. f3 Qf4 23. Bc5 $18) 22. Rxd4+ Ke8 {[%csl Gh3][%cal Rg6g2]} 23. g3 Qe6 {[%cal Re6e1]} 24. Bb4 f6 $1 {next ...Kf7 is good for Black.} 25. Rd1 {Re1 is the strong threat.} ({Not} 25. Qxa7 $2 Qe2 26. Re4+ (26. Qb8+ $2 Kf7 27. Qxc7+ Kg6 28. Rg4+ Qxg4 $19) 26... Qxe4 $19) 25... Kf7 26. Re1 (26. Qxa7 $2 Qe4 27. Rd7+ Kg6 $19) 26... Qf5 {( -> ...Qf3)} 27. Qxc6 {Threatening Re7+.} Kg6 28. Qd5 Qxc2 29. Re7 Rf8 30. g4 $1 Bxg4 31. Qg2 $1 {[%cal Rg2g4]} Qb1+ ({Don't go for} 31... Qxc4 $2 32. Re4 Qc1+ 33. Re1 $18) 32. Re1 ({White should play} 32. Be1 $1 $14 Kh5 33. f3) 32... Qxb4 {The position is equal.} 33. Qxg4+ Kf7 34. Qe6+ Kg6 35. Qg4+ Kf7 36. Qe6+ Kg6 37. Qg4+ 1/2-1/2

[Event "1st Fischer Memorial 2017"]
[Site "Heraklion"]
[Date "2017.04.23"]
[Round "8"]
[White "Kapnisis, Spyridon"]
[Black "Mitsis, Georgios"]
[Result "1-0"]
[WhiteElo "2451"]
[BlackElo "2239"]
[Annotator "TA"]
[PlyCount "29"]
[EventDate "2017.??.??"]
[EventType "tourn"]
[EventCountry "GRE"]
[SourceTitle "playchess.com"]
[Source "ChessBase"]
[SourceQuality "1"]

{[%evp 8,29,20,16,48,54,79,77,63,56,72,60,92,108,117,88,271,285,744,746,1459,1375,1936,1940]} 1. c4 e5 2. g3 d6 3. Nc3 f5 4. d4 Be7 5. Bh3 {LiveBook: 3 Games. A21: English Opening: 1...e5 2 Nc3} e4 $146 (5... exd4 6. Qxd4 Bf6 7. Qe3+ Ne7 8. Nd5 O-O 9. Nxf6+ Rxf6 10. Qc3 Nd7 11. Nf3 Nc5 12. O-O b6 {½-½ (24) Halkias,S (2544)-Stevic,H (2606) Palic 2014}) 6. f3 exf3 7. Nxf3 {White is better.} (7. exf3 $5 {is interesting.} Nf6 8. Nge2 O-O 9. Nf4 g5 10. Nfe2) 7... Nf6 8. O-O O-O 9. d5 Na6 10. Nd4 $36 {[%mdl 2048] Black is under strong pressure.} g6 11. Bh6 {aiming for e4.} Re8 $2 {[#]} (11... Nc5 $16 {might work better.}) 12. e4 $1 $18 {[%mdl 512]} Ng4 $2 (12... c5) (12... fxe4 13. Be6+) 13. Bxg4 {White is clearly winning.} fxg4 14. Ne6 Bxe6 15. Qd4 ({Not} 15. dxe6 Nc5 $16) 1-0

[Event "1st Fischer Memorial 2017"]
[Site "Heraklion"]
[Date "2017.04.23"]
[Round "8"]
[White "Ristic, Nenad"]
[Black "Goumas, Georgios"]
[Result "0-1"]
[WhiteElo "2414"]
[BlackElo "2407"]
[Annotator "TA"]
[PlyCount "70"]
[EventDate "2017.??.??"]
[EventType "tourn"]
[EventCountry "GRE"]
[SourceTitle "playchess.com"]
[Source "ChessBase"]
[SourceQuality "1"]

{[%evp 11,70,0,0,0,0,0,0,0,0,0,0,12,0,-43,-6,-3,-5,-25,-26,-27,-17,-12,-12,-28,0,-77,-82,-107,-9,-25,-30,-95,-20,-51,-40,-61,-59,-399,-400,-393,-385,-371,-339,-514,-539,-546,-543,-541,-524,-29985,-29986,-29986,-29987,-29987,-29988,-29988,-29989,-29989,-29990,-29997,-29998]} 1. e4 e6 2. d4 d5 3. Nd2 c5 4. Ngf3 cxd4 5. Nxd4 Nf6 6. Bb5+ {C07: French Tarrasch: 3...c5, 4 Ngf3 and 4 exd5 Qxd5} (6. exd5 Nxd5 7. N2f3 Bb4+ 8. Bd2 O-O 9. Bc4 b6 10. c3 Be7 11. Qe2 Bb7 12. O-O Nd7 13. Rfe1 Bf6 14. Rad1 Re8 {½-½ (24) Vallejo Pons,F (2711)-Bluebaum,M (2642) Germany 2017}) 6... Bd7 {LiveBook: 33 Games} 7. Qe2 Bc5 8. Bxd7+ $1 {The position is equal.} Nbxd7 9. N4b3 Bb6 10. O-O $146 ({Predecessor:} 10. exd5 Nxd5 11. Ne4 O-O 12. O-O h6 13. c4 Nb4 {0-1 (60) Dongre,R (2215)-Shetty,R (2295) Kolkata 1992}) 10... O-O 11. e5 Ne8 {[%cal Bf6e8,Be8c7,Bc7d5][%mdl 32]} 12. c4 Nc7 13. Nf3 dxc4 14. Qxc4 Nd5 15. Qe4 Re8 $36 {[%mdl 2048] Black has some pressure.} 16. Bg5 Qb8 17. Rfe1 a5 {[%cal Ba7a5,Ba5a4,Ba4a3,Ba3b2][%mdl 32]} 18. Rad1 (18. Nbd4 $11 {keeps the balance.}) 18... a4 $1 $17 {[%cal Ra4b3]} 19. Nbd2 {[#]} Qa7 (19... a3 $1 $17 {[%cal Ra3b2]} 20. Rb1 Nc5) 20. Bh4 a3 21. Ng5 f5 (21... Nf8 $17 22. Qf3 Re7) 22. Qf3 $1 $11 {Black must now prevent Nc4.} Nf8 23. Nc4 {Threatens to win with Rxd5.} axb2 {[#]} 24. Nd6 $2 {[%mdl 8192]} ({Don't go for} 24. Nxb6 $2 Qxb6 25. Nxe6 Qxe6 $19) (24. Nxe6 $1 $15 {[%mdl 512]} Nxe6 (24... Rxe6 25. Qxd5) 25. Qxd5) 24... Qxa2 $19 25. Nxe8 Rxe8 26. g4 Qc4 27. Nxe6 (27. Re2 $142 h6 28. Rxb2 hxg5 29. Bxg5) 27... Nxe6 28. Qxd5 Qxg4+ 29. Bg3 f4 30. Qb5 fxg3 {Black mates.} 31. Qxe8+ Nf8 32. hxg3 Qxg3+ 33. Kh1 Qf3+ 34. Kh2 Bxf2 35. Qc8 Bg3+ {Precision: White = 59%, Black = 82%.} 0-1

[Event "1st Fischer Memorial 2017"]
[Site "Heraklion"]
[Date "2017.04.23"]
[Round "8"]
[White "Pavlidis, Anastasios"]
[Black "Migot, Tangi"]
[Result "1-0"]
[WhiteElo "2380"]
[BlackElo "2355"]
[Annotator "TA"]
[PlyCount "105"]
[EventDate "2017.??.??"]
[EventType "tourn"]
[EventCountry "GRE"]
[SourceTitle "playchess.com"]
[Source "ChessBase"]
[SourceQuality "1"]

{[%evp 13,105,-4,-5,-20,-19,-36,-10,-50,-65,-62,17,-38,-14,-5,44,33,44,41,50,37,50,47,102,102,104,108,108,95,89,69,64,0,85,76,81,81,88,76,84,79,75,52,61,56,48,38,41,0,195,196,209,209,209,209,209,209,210,199,212,182,214,209,216,216,216,216,216,214,215,192,175,168,289,269,270,231,393,393,320,278,394,356,404,384,462,462,455,455,455,429,642,632,4133,2841]} 1. Nf3 c5 2. g3 Nc6 3. Bg2 g6 4. O-O Bg7 5. e4 d6 6. Re1 e5 {B50: Sicilian: 2...d6, Miscellaneous} (6... Nf6 7. c3 O-O 8. d4 Bg4 9. dxc5 dxc5 10. Qc2 Nd7 11. h3 Bxf3 12. Bxf3 e6 13. Bg2 a6 14. Be3 Rc8 15. Nd2 Qe7 16. f4 {½-½ (27) Svidler,P (2749)-Topalov,V (2752) Astana 2012}) 7. d3 Nge7 {LiveBook: 8 Games} 8. Nc3 O-O {The position is equal.} 9. Bg5 h6 10. Be3 f5 11. exf5 $146 (11. Bd2 Be6 12. Kh1 Rb8 13. Qc1 Kh7 14. Bh3 b5 15. a3 Qd7 16. Rg1 fxe4 17. Bxe6 Qxe6 {0-1 (46) Hernandez Macia,D-Gomez Olivares,A Palma de Mallorca 2003}) 11... gxf5 ({Better is} 11... Bxf5 $15 12. Nd2 Be6) 12. Qc1 ({White should try} 12. Nh4 $11) 12... Kh7 13. Nh4 Nd4 14. f4 Rb8 15. Nd5 Nxd5 16. Bxd5 Be6 17. Bg2 exf4 (17... Bf6 $14) 18. Bxf4 $16 {[#] And now c3 would win.} Qd7 19. c3 Nc6 20. Qe3 Rbe8 21. Qf3 Ne5 22. Qh5 (22. Qe2 $14) 22... Qf7 (22... Nxd3 $11 23. Re3 Nxf4 24. gxf4 Rf6) 23. Qxf7 Rxf7 24. Rad1 Rfe7 (24... Bxa2 $2 25. d4 $18) 25. d4 $36 {[%mdl 2048] White is in control.} cxd4 26. cxd4 Nf7 27. Bh3 Bxa2 28. Rxe7 Rxe7 29. Nxf5 Re2 30. Bf1 (30. Nxd6 Nxd6 31. Bxd6 Bb3 $17) 30... Re8 $2 {[#]} (30... Rxb2 $11 {and Black stays safe.} 31. Re1 (31. Nxd6 Bb3 32. Rd3 Nxd6 33. Bxd6 Rb1 $17) (31. Nxg7 Kxg7 32. Ra1 a6 $11) 31... Bf6) 31. Bd3 $18 ({Weaker is} 31. Nxd6 Nxd6 32. Bxd6 Rd8 $11) 31... Kg8 32. Ra1 Be6 33. Nxg7 Kxg7 34. Rxa7 Bd5 35. Ra5 Be4 36. Bc4 Rc8 37. b3 Rc6 38. h4 d5 39. Bxd5 Bxd5 40. Rxd5 {[%mdl 4096] Endgame KRB-KRN} Rb6 41. Rd7 Rxb3 42. Kf2 h5 (42... Kf6 $142 43. g4 Rb1) 43. Ke2 Kf6 44. Rc7 Ke6 $2 (44... Rb4 45. Rc5 Rxd4 46. Rxh5 Re4+ 47. Kd3 Rb4) 45. d5+ Kf6 46. d6 Rb5 (46... Rb6 {keeps fighting.} 47. Rc5 Nxd6) 47. Ke3 Rb1 48. Rc5 Rd1 49. Rxh5 {White is clearly winning.} Kg7 50. Ke2 Rd4 51. Rc5 Kf6 (51... b5 $142 52. Rxb5 Nxd6 53. Be5+ Kh7 54. Bxd4 Nxb5) 52. Rb5 Nxd6 53. Rb6 1-0

[Event "1st Fischer Memorial 2017"]
[Site "Heraklion"]
[Date "2017.04.23"]
[Round "8"]
[White "Kourkoulos-Arditis, Stamatis"]
[Black "Gungl, Theo"]
[Result "0-1"]
[WhiteElo "2365"]
[BlackElo "2269"]
[Annotator "TA"]
[PlyCount "126"]
[EventDate "2017.??.??"]
[EventType "tourn"]
[EventCountry "GRE"]
[SourceTitle "playchess.com"]
[Source "ChessBase"]
[SourceQuality "1"]

{[%evp 7,126,0,10,-44,-27,-57,-25,-41,-42,-39,-20,-28,-25,-45,-10,-40,-16,-30,-20,-35,2,0,16,8,39,40,39,33,28,40,35,36,28,27,63,64,35,-13,-13,-13,-15,-8,-8,-19,-13,-17,0,-27,0,-14,3,-39,-29,-28,-25,-24,0,0,14,-13,4,6,31,0,0,0,0,0,19,-119,-94,-102,-89,-121,-61,-59,-60,-243,-160,-209,-211,-209,-202,-234,-229,-210,-217,-220,-221,-325,-303,-303,-296,-643,-632,-578,-676,-602,-606,-643,-648,-726,-686,-768,-767,-877,-858,-913,-909,-882,-890,-29980,-1367,-1158,-1644,-1323,-1295,-833,-898,-29989,-29990]} 1. b3 d5 2. Bb2 Nf6 3. e3 Bf5 4. Be2 {A01: Nimzowitsch-Larsen Opening} (4. h3 h6 5. Nf3 e6 6. c4 Be7 7. g4 Bh7 8. Rg1 Nbd7 9. cxd5 exd5 10. h4 Ne4 11. g5 hxg5 12. hxg5 {1-0 (78) Nakamura,H (2776)-Aronian,L (2826) Zuerich 2014}) 4... e6 {LiveBook: 3 Games} 5. g4 (5. Nf3 $11) 5... Be4 6. Bf3 $146 {Black has an edge.} (6. f3 Nxg4 7. h4 Bd6 8. Rh3 Bg3+ 9. Kf1 Nf2 {0-1 (41) Botlik,B (2028)-Halak,M (2140) Budapest 2016}) 6... h6 7. Nc3 Bg6 8. Bg2 Nbd7 9. Qe2 c6 10. f4 b5 (10... Bxc2 11. d3 $11) 11. d3 Qa5 12. a3 Bd6 13. Nh3 Rc8 14. O-O (14. b4 Qb6 $15) 14... Qb6 15. Kh1 c5 16. e4 {[%cal Be3e4,Be4e5][%mdl 32] [#] Black must now prevent e5.} d4 17. e5 dxc3 18. Bxc3 Nxg4 (18... b4 19. exf6 (19. exd6 bxc3 20. f5 Bxf5 21. gxf5 e5 $11) 19... gxf6 20. f5 bxc3 21. fxg6 $16) 19. Qxg4 Be7 20. Be4 Bxe4+ 21. dxe4 Qc6 22. Rae1 ({Don't play} 22. Qxg7 Qxe4+ 23. Qg2 Qxg2+ 24. Kxg2 Nb6 $15) 22... g6 23. Qf3 b4 $36 {[%mdl 2048] Black has good play.} 24. axb4 cxb4 25. Bb2 Nc5 26. Re2 Rd8 27. Nf2 h5 28. Ra1 Qb7 29. Rg1 Rd7 30. Bc1 Kd8 31. Be3 Kc8 32. Ra1 Kb8 33. Ra5 Rc8 {[%cal Bh8c8,Bc8c7,Bc7d7,Bd7c7][%mdl 32]} 34. Re1 Qc6 35. Rea1 Rb7 36. Kg2 Rcc7 37. R1a2 Rd7 38. Nd3 (38. Qe2 $11) 38... Nxd3 $17 ({Don't take} 38... Nxe4 $2 39. Nf2 $18) 39. cxd3 Qc3 40. d4 {Strongly threatening d5.} Bd8 (40... Qxb3 $17 41. d5 Qb1) 41. Rc5 $1 $15 Qxb3 42. Rac2 $2 (42. Qe2 $1 $15) 42... Rdc7 43. Qe2 {[#]} Qa4 $1 44. Ra2 Qd7 45. Qa6 b3 46. Rb2 Be7 47. Rxc7 Qxc7 48. Qd3 (48. Qa4 $142 Kc8 49. d5) 48... Qb6 $19 49. d5 Qb5 50. Qc3 $2 (50. Qxb5 Rxb5 51. d6) 50... Ba3 51. Rb1 Qe2+ 52. Kg1 Qc2 53. Qe1 b2 54. d6 Kc8 55. f5 gxf5 56. exf5 Kd7 57. fxe6+ fxe6 {aiming for ...Kc8.} 58. Qf1 Ke8 {( -> ...Rg7+)} 59. h4 Rg7+ (59... Bc5 $142 60. Bxc5 Qxc5+ 61. Kh1 Qc2 62. Re1 b1=Q 63. d7+ Kxd7 64. Qf7+ Kc6 65. Qf3+ Kc7 66. Qf7+ Kb6 67. Qxe6+ Kb5 68. Qd5+ Ka4 69. Qd4+ Rb4 70. Qxa7+ Kb3 71. Qe3+ Ka2 72. Qa7+ Kb2 73. Rxb1+ Qxb1+ 74. Kh2 Rxh4+ 75. Kg3 Rg4+ 76. Kf2 Qg1+ 77. Ke2 Qxa7 78. Kf3 Kc2 79. e6 Kd3 80. e7 Qe3#) 60. Bg5 Bc5+ 61. Kh1 Qe4+ 62. Kh2 Qxe5+ 63. Bf4 Bg1+ 0-1

[Event "1st Fischer Memorial 2017"]
[Site "Heraklion"]
[Date "2017.04.24"]
[Round "9"]
[White "Postny, Evgeny"]
[Black "Pavlidis, Anastasios"]
[Result "1-0"]
[WhiteElo "2606"]
[BlackElo "2380"]
[Annotator "TA"]
[PlyCount "90"]
[EventDate "2017.??.??"]
[EventType "tourn"]
[EventCountry "GRE"]
[SourceTitle "playchess.com"]
[Source "ChessBase"]
[SourceQuality "1"]

{[%evp 21,90,20,25,17,18,15,22,27,43,45,48,49,79,52,57,31,53,26,38,39,57,33,50,35,39,38,44,43,31,0,10,3,10,14,13,16,25,0,0,6,50,46,64,62,110,83,203,177,455,454,536,536,503,486,896,845,5302,1609,1497,1500,1308,1070,994,993,832,506,644,638,643,636,29988]} 1. d4 f5 2. g3 Nf6 3. Bg2 g6 4. c4 Bg7 5. Nf3 d6 6. O-O O-O 7. Nc3 c6 8. b3 Na6 9. Bb2 Qc7 10. d5 e5 11. dxe6 Bxe6 {LiveBook: 28 Games} 12. Qc2 {A88: Dutch Defence: Leningrad System: 5 Nf3 0-0 6 0-0 d6 7 Nc3 c6} Rad8 13. Rad1 Nc5 14. e3 $146 {The position is equal.} (14. Ng5 Bc8 15. b4 Ne6 16. Nf3 Ng4 17. e3 Ne5 18. Ne2 a6 19. a3 Qf7 {½-½ (38) Tari,A (2487)-Anton Guijarro,D (2617) Caleta 2015}) 14... Kh8 15. Ne2 a5 16. Nf4 Bg8 17. Rfe1 Qe7 18. Bc3 a4 19. Nd2 axb3 20. axb3 Ne6 21. Ne2 Nc7 22. Ra1 Ra8 23. Nf4 d5 24. Rxa8 Rxa8 25. Bxf6 Qxf6 26. cxd5 Nxd5 27. Bxd5 cxd5 28. Nf3 Ra1 29. Qd2 Rxe1+ 30. Qxe1 Qb6 31. Qd1 d4 32. Nxd4 (32. exd4 Qxb3 33. Qe2 Qb1+ 34. Kg2 Qe4 $15) 32... Bxd4 33. exd4 {[%cal Be3d4,Bd4d5,Bd5d6][%mdl 32] Strongly threatening d5.} ({Of course not} 33. Qxd4+ $6 Qxd4 34. exd4 Bxb3 $11) 33... Qxb3 {[#]} (33... Bxb3 $16 34. Qa1 Bf7) 34. Qe1 $1 $18 {[%cal Re1e5]} Kg7 $2 {[#]} (34... Bf7 {was called for.} 35. h4 Qa4) 35. d5 $1 {[%mdl 512] White is clearly winning.} Kf8 {[#]} (35... Bxd5 36. Qe5+) 36. d6 $1 {[%csl Gd6][%cal Re1e7]} Qf7 37. Qe5 g5 {[#]} (37... Qe8 $142 38. Qf6+ Bf7 39. Qh8+ Bg8) 38. Nh5 $1 {[%mdl 512]} b5 (38... Qxh5 39. Qe7#) 39. Qd4 ({Stronger than} 39. Qxb5 Qxh5 40. Qd3 (40. Qxf5+ Bf7 41. Qd3 Qg6 $11) 40... Qe8 41. Qxf5+ Bf7 $11) (39. Nf6 $142 Kg7 40. d7 Qxf6 41. Qxf6+ Kxf6 42. d8=Q+ Kf7 43. Qxg5) 39... Qd7 40. Qf6+ Qf7 41. Qh6+ Ke8 42. Nf6+ Kd8 43. Nxg8 Kd7 44. Qxg5 Kxd6 45. Nh6 Kd5 1-0

[Event "1st Fischer Memorial 2017"]
[Site "Heraklion"]
[Date "2017.04.24"]
[Round "9"]
[White "Goumas, Georgios"]
[Black "Kapnisis, Spyridon"]
[Result "1/2-1/2"]
[WhiteElo "2407"]
[BlackElo "2451"]
[Annotator "TA"]
[PlyCount "34"]
[EventDate "2017.??.??"]
[EventType "tourn"]
[EventCountry "GRE"]
[SourceTitle "playchess.com"]
[Source "ChessBase"]
[SourceQuality "1"]

{[%evp 17,27,32,27,26,47,25,47,17,27,-9,54,61]} 1. e4 c5 2. Nf3 e6 3. d4 cxd4 4. Nxd4 a6 5. Be2 Nf6 6. Nc3 d6 7. O-O Qc7 8. f4 {[%cal Bf2f4,Bf4e5][%mdl 32]} b5 9. Bf3 Bb7 10. e5 {B84: Sicilian Scheveningen: 6 Be2 a6, lines without early Be3} (10. a3 Nbd7 11. Qe1 Be7 12. Kh1 h5 13. Be3 Ng4 14. Bg1 g5 15. fxg5 Bxg5 16. e5 d5 17. Nxd5 Bxd5 18. Bxd5 exd5 {½-½ (46) Timofeev,A (2671)-Kotsur,P (2563) Moscow 2009}) 10... dxe5 11. fxe5 Nfd7 $1 12. Kh1 {Bxb7 is the strong threat.} Nc6 13. Bf4 Be7 ({Much worse is} 13... Ncxe5 $6 14. Re1 $16) (13... Nxd4 $1 $11 14. Qxd4 Bxf3 15. Rxf3 Bc5) 14. Nxc6 Bxc6 $146 15. a4 b4 16. Ne4 Bxe4 17. Bxe4 Rc8 {1-0 (32) Sztokbant,B (2259)-Ikejiri,D (1885) Sao Paulo 2014} 1/2-1/2

[Event "1st Fischer Memorial 2017"]
[Site "Heraklion"]
[Date "2017.04.24"]
[Round "9"]
[White "Migot, Tangi"]
[Black "Ristic, Nenad"]
[Result "1-0"]
[WhiteElo "2355"]
[BlackElo "2414"]
[Annotator "TA"]
[PlyCount "127"]
[EventDate "2017.??.??"]
[EventType "tourn"]
[EventCountry "GRE"]
[SourceTitle "playchess.com"]
[Source "ChessBase"]
[SourceQuality "1"]

{[%evp 25,127,42,39,31,33,10,87,20,120,95,91,102,118,116,121,40,47,19,30,87,76,52,127,119,104,47,47,35,95,80,101,0,22,0,0,0,0,-53,-53,-55,-48,-57,-64,-70,-63,-171,-137,-131,-142,-155,-142,-197,-97,-98,-79,-99,-67,-67,-67,-67,-67,-66,-65,-48,-39,-178,-167,-170,-7,-7,-14,-14,-14,-4,464,464,572,442,442,442,533,401,992,1033,996,983,804,783,1298,1298,1287,1164,1298,1237,4614,4614,29977,29977,29978,29980,29987,29988,29989,29990]} 1. e4 c5 2. Nf3 d6 3. Bb5+ Bd7 4. Bxd7+ Nxd7 5. O-O Ngf6 6. Qe2 e6 7. d4 cxd4 8. Nxd4 Rc8 9. c4 a6 10. b3 Be7 11. Bb2 O-O 12. Nc3 Re8 13. Rad1 Qa5 14. f4 {B52: Sicilian: Moscow Variation with 3...Bd7} Bf8 (14... b5 15. e5 b4 16. exf6 bxc3 17. Bxc3 Qxc3 18. fxe7 Nf6 19. g4 d5 20. f5 e5 21. g5 exd4 22. gxf6 {½-½ (59) Svidler,P (2751)-Miton,K (2612) Tallinn 2016}) 15. Kh1 Qc5 (15... Qh5 $11) 16. Nf3 (16. g4 $16 Nb6 17. g5) 16... b5 $146 (16... e5 $1 $11) (16... Ng4 17. Ng5 f5 18. Na4 Qc6 19. h3 Nh6 20. e5 dxe5 21. fxe5 Rcd8 {1-0 (41) Breder,D (2255)-Caravan,M (2125) Senden 1999}) 17. e5 Ng4 18. Ng5 f5 {[%cal Rb5c4]} 19. exf6 (19. exd6 $6 bxc4 20. Nxe6 Qc6 $11) 19... Ndxf6 20. cxb5 (20. Nxe6 Qe3 21. f5 Qxe2 22. Nxe2 Ne3 23. Bxf6 gxf6 24. cxb5 Nxf1 25. Rxf1 axb5 $17) ({White should play} 20. Nce4 $16 Qc6 21. Nxf6+ Nxf6 22. Bxf6 (22. Nxe6 Qe4 23. Qxe4 Nxe4 24. Nxf8 Kxf8 $16) 22... gxf6 23. Nxe6 (23. Ne4 Be7 $16)) 20... Qe3 $1 $14 21. Rde1 Rxc3 22. Bxc3 Qxc3 23. bxa6 e5 (23... d5 $14) 24. Ne4 Qd4 25. Nxf6+ (25. Qf3 $1 $16 {Strongly threatening h3.} Qa7 26. fxe5 Nxe4 27. Rxe4 Nxe5 28. Qe2) 25... Nxf6 26. Rd1 Qa7 (26... Qb6 $14) 27. fxe5 $16 Rxe5 28. Qc4+ ({White must play} 28. Qd3 $1 $16) 28... d5 $11 29. Qc8 Re8 $36 {[%mdl 2048] Black has the initiative.} 30. Qc6 Ra8 31. g4 ({Of course not} 31. Rxf6 gxf6 32. Qe6+ Kh8 33. Qxf6+ (33. Rxd5 Qxa6 34. Qxa6 Rxa6 $17) 33... Bg7 $15) (31. Qe6+ $11 Kh8 32. g4) 31... Qxa6 $15 32. Qxa6 Rxa6 33. g5 Ng4 $1 {[%cal Rg4e3]} 34. Rf4 Ne3 35. Rd2 (35. Rd3 $15 Bc5 36. Ra4) 35... Rc6 {( -> ...Rc1+)} 36. Kg1 Bc5 {And now ...Nc4+ would win.} 37. Rd3 Bb6 {Hoping for ...Rc1+.} 38. Kf2 (38. Rb4 $17 {was worth a try.} Nc2+ 39. Rxb6 Rxb6 40. Rxd5) 38... d4 (38... Rc2+ $19 39. Kg3 d4) 39. a4 $17 Nd5 40. Rfxd4 Rc2+ 41. Kf3 Bxd4 42. Rxd4 $15 {[%mdl 4096] Endgame KRN-KR} Ne7 $1 {White must now prevent ...Rc3+.} 43. b4 Rxh2 44. b5 Rb2 45. Kf4 (45. Rd6 $15) 45... Kf7 $19 46. Ke5 Kg6 $2 (46... Re2+ $1 $19 47. Kf4 Ra2) 47. Ke6 $11 Nf5 48. Rd5 Ne3 49. Rc5 Rb4 $2 {[%mdl 8192]} (49... Ra2 $11 {and Black has nothing to worry.} 50. b6 Rxa4) 50. a5 $18 Nc4 51. a6 Nb6 52. Kd6 Na4 53. Re5 {aiming for a7.} Nc3 {[#]} (53... Rc4 $142 54. a7 Nb6) 54. Kc6 $1 ({Not} 54. a7 Nxb5+ 55. Rxb5 Ra4 $16) 54... Ra4 55. Kb7 Ra5 56. Kb6 (56. a7 Nxb5 57. a8=Q Nd6+ 58. Kb8 Rxa8+ 59. Kxa8 Nf7 $11) 56... Ra1 57. a7 h5 58. gxh6 gxh6 {[#]} 59. Kb7 $1 ({Weaker is} 59. Re6+ Kf7 60. Rxh6 Kg7 $14) 59... Kf6 60. Rc5 Ne4 61. Rc6+ {White mates.} Kg5 62. a8=Q Rxa8 63. Kxa8 h5 64. b6 1-0